• 首页
  • 本馆介绍
  • 公告通知
  • 最新文献
  • 馆藏检索
  • 电子资源
  • 读者导购
  • 参考咨询
  • 我的图书馆
  • 登录
  • 详细信息显示
  • 放入我的书架
  • 预约/预借图书
  • 作者相关作品
  • 分类相关作品
  • 丛书相关作品
  • 出版社相关作品

书目信息

  • 表格格式
  • 工作单格式
  • 卡片格式
题名:
Raspberry Pi机器人开发指南
    
 
作者: 格里梅特 著 ;汤凯 , 续欣 , 卢勇 译
分册:  
出版信息: 北京   电子工业出版社  2016
页数: 200页
开本: 24cm
丛书名:
单 册:
中图分类: TP316.85-62 , TP316.85
科图分类:
主题词: Linux操作系统--Linuxcao zuo xi tong--指南 , 机器人--ji qi ren--制作--指南
电子资源:
ISBN: 978-7-121-28304-8
000 01440nam0 2200349 450
001 1649813328
005 20160725155315.3
010    @a978-7-121-28304-8@dCNY49.80
100    @a20160720d2016 em y0chiy50 ea
101 1  @achi@ceng
102    @aCN@b110000
105    @aa z 000yy
106    @ar
200 1  @aRaspberry Pi机器人开发指南@ARaspberry Piji qi ren kai fa zhi nan@d= Raspberry Pi robotics projects@f(美) Richard Grimmett著@g汤凯, 续欣, 卢勇译@zeng
210    @a北京@c电子工业出版社@d2016
215    @a200页@c图@d24cm
305    @a据原书第2版译出
306    @a由Peckt Publishing授权
314    @a责任者规范汉译姓:格里梅特
330    @a本书以树莓派硬件平台和Raspbian操作系统为核心,介绍自主构建机器人的实用技术与方法。书中讨论了有关构建机器人方方面面的问题,包括树莓派平台和Raspbian系统的使用与开发,机器人的语言、听觉、视觉、运动、避障等功能的实现,以及无线遥控、GPS定位、空中飞行、水面航行等扩展功能的实现。
333    @a机器人爱好者,国内各大专院校计算机专业大学生。
500 10 @aRaspberry Pi robotics projects@mChinese
606 0  @aLinux操作系统@ALinuxcao zuo xi tong@j指南
606 0  @a机器人@Aji qi ren@x制作@j指南
690    @aTP316.85-62@v5
690    @aTP316.85@v4
701  1 @a格里梅特@Age li mei te@g(Grimmett, Richard)@4著
702  0 @a汤凯@Atang kai@4译
702  0 @a续欣@Axu xin@4译
702  0 @a卢勇@Alu yong@4译
801  0 @aCN@b江苏新华@c20160712
905    @aBZT@dTP316.85@e10
    
    Raspberry Pi机器人开发指南= Raspberry Pi robotics projects/(美) Richard Grimmett著/汤凯, 续欣, 卢勇译.-北京:电子工业出版社,2016
    200页:图;24cm
    使用对象:机器人爱好者,国内各大专院校计算机专业大学生。
    
    ISBN 978-7-121-28304-8:CNY49.80
    本书以树莓派硬件平台和Raspbian操作系统为核心,介绍自主构建机器人的实用技术与方法。书中讨论了有关构建机器人方方面面的问题,包括树莓派平台和Raspbian系统的使用与开发,机器人的语言、听觉、视觉、运动、避障等功能的实现,以及无线遥控、GPS定位、空中飞行、水面航行等扩展功能的实现。
●
相关链接 在五车中查询图书 在当当中查询图书 在豆瓣中查询图书


正题名:Raspberry Pi机器人开发指南     索取号:TP316.85/10         预约/预借

序号 登录号 条形码 馆藏地/架位号 状态 备注
1 809476   2000809476   第二书库/ [索取号:TP316.85/10] 在馆    
2 809477   2000809477   第二书库/ [索取号:TP316.85/10] 在馆    
3 809478   2000809478   第二书库/ [索取号:TP316.85/10] 在馆    
山东省滨州职业学院图书馆 欢迎您!
大连网信软件有限公司© 版权所有